Ser y morir en Pablo Neruda 1918 1945
Furkejuvvon:
| Váldodahkki: | |
|---|---|
| Materiálatiipa: | Girji |
| Giella: | espánnjágiella |
| Almmustuhtton: |
Santiago
Editora Santiago
1967
|
| Fáttát: | |
| Fáddágilkorat: |
Lasit fáddágilkoriid
Eai fáddágilkorat, Lasit vuosttaš fáddágilkora!
|
MARC
| LEADER | 00000nam a2200000 a 4500 | ||
|---|---|---|---|
| 001 | UCT2551 | ||
| 003 | CL-VaPUC | ||
| 005 | 20220808130406.0 | ||
| 008 | 961011e19670000CL |||||||||||||||||spa|d | ||
| 999 | |c 252609 |d 252607 | ||
| 040 | |c Pontificia Universidad Católica de Valparaíso | ||
| 082 | 0 | 4 | |a Ch861.09 |b LOY |2 21 |
| 100 | |a Loyola, Hernán |e autor |9 589971 | ||
| 245 | 1 | 0 | |a Ser y morir en Pablo Neruda 1918 1945 |
| 260 | |a Santiago |b Editora Santiago |c 1967 | ||
| 300 | |a 246 p | ||
| 583 | |a last modification |c 19961011 00:00:00 |k Rodrigo Vera | ||
| 600 | |a Neruda, Pablo, |d 1904-1973 |x Crítica e interpretación |9 875013 | ||
| 650 | 0 | |a Poesía chilena |9 268403 | |
| 650 | 0 | |a Historia y crítica |9 257407 | |
| 942 | |c BK |2 ddc | ||
| 945 | |d 19961011 00:00:00 |a rleighto | ||
| 952 | |0 0 |1 0 |4 0 |6 CH_861_090000000000000_LOY_1967 |7 0 |8 A |9 272546 |a BIBEDU |b BIBEDU |d 2019-11-19 |i 3240835 |o Ch861.09 LOY 1967 |p 3240835 |r 2019-11-19 |w 2019-11-19 |y BK |k LIT | ||